00362nam a22001097a 4500020001500000082002100015100002400036245011300060250001700173260004200190300002000232 a0199467064 a338.5024658bSAL aSalvatore, Dominick aManagerial Economics:bPrinciples and Worldwide Applications /cDominick Salvatore and Siddhartha K. Rastogi a8th Edition. aNew Delhi:bOxford University,c2017. a613p. ;c24 cm.